| 000 | 00394nam a2200145Ia 4500 | ||
|---|---|---|---|
| 008 | 230917s9999||||xx |||||||||||||| ||und|| | ||
| 040 |
_e199519 _aMAIN |
||
| 041 | _aEnglish | ||
| 082 | _a332.673 A51F | ||
| 100 | _aAhmad, Rais | ||
| 245 | 0 | _aForiegn direct investment in India: Problems and prospects | |
| 260 |
_aNew Delhi _bMittal Publications _c2008 |
||
| 300 | _axi, 182 p. | ||
| 942 | _cBK | ||
| 999 |
_c170384 _d170384 |
||